Normal view
MARC view
Entry Topical Term
001 - CONTROL NUMBER
- control field: 1132469
003 - CONTROL NUMBER IDENTIFIER
- control field: OSt
005 - DATE AND TIME OF LATEST TRANSACTION
- control field: 20260318144230.0
008 - FIXED-LENGTH DATA ELEMENTS
- fixed length control field: 260318|| aca||aabn | a|a d
040 ## - CATALOGING SOURCE
- Original cataloging agency: OSt
- Transcribing agency: OSt
150 ## - HEADING--TOPICAL TERM
- Topical term or geographic name entry element: कंप्युटर
670 ## - SOURCE DATA FOUND
- Source citation: Work cat.: (OSt)1679088: हर्षदेव 1114832, ऑनलाइन पत्रकारिता , 2015.
